Statistics for Most Goals & Assists UEFA Champions Leauge 2022/23

Click here to take the quiz!

General Stats

  • This quiz has been taken 140 times
  • The average score is 14 of 21

Answer Stats

Category#ClubAnswer% Correct
Goals12Manchester CityErling Haaland
100%
Goals7Paris Saint-GermainKylian Mbappé
99%
Goals8LiverpoolMohamed Salah
99%
Goals7Real MadridVinícius Júnior
95%
Assists5Real MadridVinícius Júnior
95%
Assists7Manchester CityKevin De Bruyne
89%
Goals5FC BarcelonaRobert Lewandowski
85%
Goals5AC MilanOlivier Giroud
80%
Assists4Paris Saint-GermainLionel Messi
78%
Goals5Real MadridRodrygo
78%
Goals5SSC NapoliVictor Osimhen
78%
Assists4AC MilanRafael Leão
72%
Assists5Bayern Munich / Manchester CityJoão Cancelo
67%
Goals5FC PortoMehdi Taremi
41%
Goals6SL BenficaJoão Mário
37%
Assists4SSC NapoliKhvicha Kvaratskhelia
37%
Assists4LiverpoolDiogo Jota
33%
Goals5SL BenficaRafa Silva
32%
Assists4Bayern MunichLeon Goretzka
31%
Assists5Inter MilanFederico Dimarco
21%
Assists5SL BenficaÁlex Grimaldo
11%

Score Distribution

Percentile by Number Answered

Percent of People with Each Score

Your Score History

You have not taken this quiz